| 000 | 00723nam a2200265Ia 4500 | ||
|---|---|---|---|
| 003 | OSt | ||
| 005 | 20220912150155.0 | ||
| 006 | a|||||r|||| 00| 0 | ||
| 007 | ta | ||
| 008 | 220909b |||||||| |||| 00| 0 eng d | ||
| 024 | _a52211 | ||
| 037 | _cTextual | ||
| 040 |
_aCSL _beng _cCSL |
||
| 041 | _aeng | ||
| 082 | _aI7:2, K1 | ||
| 100 | _aArber Agnes | ||
| 245 | 0 | _aMonocotyledons : A morphological study | |
| 260 |
_aWeinheim _bJ Cramer _c1961 |
||
| 300 |
_axxii,258p. _ccm. 160,ill |
||
| 490 | _aCambridge botanical handbooks. Historiae naturalis classica; 21 | ||
| 500 | _aBibliography 233-47p | ||
| 650 | _aBotany | ||
| 942 |
_hI7:2, K1 _cTEXL _2CC |
||
| 999 |
_c41257 _d41257 |
||